| 000 | 00394nam a22001697a 4500 | ||
|---|---|---|---|
| 003 | OSt | ||
| 008 | 240504b |||||||| |||| 00| 0 eng d | ||
| 020 | _a978-9354246111 | ||
| 082 | _a006.31 KUM | ||
| 100 | _aKUMAR, Rahul | ||
| 245 | _aMachine Learning Using R | ||
| 250 | _a1st Ed | ||
| 260 |
_aNew Delhi _bWiley India _c2022 |
||
| 300 | _a430 | ||
| 700 | _aKUMAR, Dinesh | ||
| 942 |
_2ddc _cBK |
||
| 999 |
_c12616 _d12616 |
||